| 000 | 00519cam a2200205ua 4500 | ||
|---|---|---|---|
| 020 | _a0-521-56541-3 | ||
| 041 |
_aeng _h |
||
| 082 |
_a028.7 _bDAY/HO |
||
| 082 |
_a070.5 _bDAY/HO |
||
| 100 | _aDay, Robert A . | ||
| 245 |
_aHow to write and publish a scientific paper / _cRobert A Day. _hTextual Documents |
||
| 250 |
_a4 / _b. |
||
| 260 |
_aCambridge : _bCambridge University Press , _c1994. |
||
| 300 | _a223 ; . | ||
| 500 | _a*CSS | ||
| 504 | _a | ||
| 942 | _cBK | ||
| 999 |
_c563 _d563 |
||